Brassens - Au bois de mon coeur - Statistiques

Statistiques générales
  • Ce quiz a été pris 28 fois
    5 depuis la dernière actualisation
  • Le résultat moyen est 164 sur 195
Statistiques - réponses
Paroles % Correct
a
100%
à
100%
A
100%
Au
100%
au
100%
bois
100%
coeur
100%
de
100%
De
100%
des
100%
fleurs
100%
je
100%
Je
100%
le
100%
Le
100%
ma
100%
mon
100%
Mon
100%
petites
100%
y
100%
Y
100%
Chaque
75%
copains
75%
fois
75%
Ils
75%
la
75%
Pour
75%
que
75%
Que
75%
vin
75%
Vincennes
75%
avoir
50%
boire
50%
Cloud
50%
eau
50%
fond
50%
m'accompagnent
50%
mairie
50%
mal
50%
me
50%
renommé
50%
Saint
50%
suis
50%
tonneau
50%
dans
25%
Dans
25%
famé
25%
fidèlement
25%
Fidèlement
25%
marie
25%
Meudon
25%
meurs
25%
n'ont
25%
pas
25%
peur
25%
plus
25%
Quand
25%
Clamart
0%
cour
0%
enterrement
0%
suivent
0%
Aucun quiz correspondant
Distribution des résultats
% des personnes avec chaque résultat
Percentile par nombre de réponses
Votre historique - résultats
Vous n’avez pas pris ce quiz depuis la dernière actualisation